<?xml version="1.0" encoding="UTF-8"?>
<record
    xmlns:xsi="http://www.w3.org/2001/XMLSchema-instance"
    xsi:schemaLocation="http://www.loc.gov/MARC21/slim http://www.loc.gov/standards/marcxml/schema/MARC21slim.xsd"
    xmlns="http://www.loc.gov/MARC21/slim">

  <leader>00700nam a22002177a 4500</leader>
  <datafield tag="952" ind1=" " ind2=" ">
    <subfield code="5">1</subfield>
    <subfield code="a">0001</subfield>
    <subfield code="b">0001</subfield>
    <subfield code="d">2020-10-23</subfield>
    <subfield code="l">0</subfield>
    <subfield code="o">CHP 923.1561 &#x130;n&#xF6;n&#xFC;,&#x130;. O67i 1950</subfield>
    <subfield code="p">019654</subfield>
    <subfield code="r">2020-10-23 00:00:00</subfield>
    <subfield code="w">2020-10-23</subfield>
    <subfield code="x">Emine Ba&#x15F;ak Alkan Ba&#x11F;&#x131;&#x15F;&#x131;d&#x131;r.</subfield>
    <subfield code="y">BKS</subfield>
  </datafield>
  <datafield tag="999" ind1=" " ind2=" ">
    <subfield code="c">14132</subfield>
    <subfield code="d">14132</subfield>
  </datafield>
  <controlfield tag="001">14042</controlfield>
  <controlfield tag="003">MIRAKIL</controlfield>
  <controlfield tag="005">20201023103812.0</controlfield>
  <controlfield tag="008">201023b        tu ||||| |||| 00| 0 tur d</controlfield>
  <datafield tag="040" ind1=" " ind2=" ">
    <subfield code="a">TR-AnCHP</subfield>
    <subfield code="b">tur</subfield>
    <subfield code="c">TR-AnCHP</subfield>
  </datafield>
  <datafield tag="082" ind1=" " ind2=" ">
    <subfield code="a">923.1561 &#x130;n&#xF6;n&#xFC;,&#x130;.</subfield>
    <subfield code="b">O67i 1950</subfield>
  </datafield>
  <datafield tag="090" ind1=" " ind2=" ">
    <subfield code="a">923.1561 &#x130;n&#xF6;n&#xFC;,&#x130;. O67i 1950</subfield>
  </datafield>
  <datafield tag="100" ind1=" " ind2=" ">
    <subfield code="a">Orta&#xE7;, Yusuf Ziya</subfield>
  </datafield>
  <datafield tag="245" ind1=" " ind2=" ">
    <subfield code="a">&#x130;smet &#x130;n&#xF6;n&#xFC;/</subfield>
    <subfield code="c">Yusuf Ziya Orta&#xE7;.</subfield>
  </datafield>
  <datafield tag="260" ind1=" " ind2=" ">
    <subfield code="a">Ankara:</subfield>
    <subfield code="b">[yayl. y.],</subfield>
    <subfield code="c">1950</subfield>
    <subfield code="f">Ulus Bas&#x131;mevi.</subfield>
  </datafield>
  <datafield tag="300" ind1=" " ind2=" ">
    <subfield code="a">150 s.:</subfield>
    <subfield code="c">21 sm.</subfield>
  </datafield>
  <datafield tag="600" ind1=" " ind2=" ">
    <subfield code="a">&#x130;n&#xF6;n&#xFC;, &#x130;smet</subfield>
    <subfield code="c">T&#xFC;rkiye Cumhuriyeti Cumhurba&#x15F;kan&#x131;</subfield>
    <subfield code="d">1884-1973</subfield>
    <subfield code="x">Ya&#x15F;am&#xF6;yk&#xFC;s&#xFC; </subfield>
  </datafield>
  <datafield tag="650" ind1=" " ind2=" ">
    <subfield code="a">Devlet adamlar&#x131;</subfield>
    <subfield code="x">Ya&#x15F;am&#xF6;yk&#xFC;s&#xFC; </subfield>
    <subfield code="z">T&#xFC;rkiye</subfield>
  </datafield>
  <datafield tag="942" ind1=" " ind2=" ">
    <subfield code="2">ddc</subfield>
    <subfield code="c">BKS</subfield>
  </datafield>
  <datafield tag="999" ind1=" " ind2=" ">
    <subfield code="d">14132</subfield>
  </datafield>
</record>
